[Event "Barcelona Sant Marti op-B 19th"]
[Site "Barcelona"]
[Date "2017.07.21"]
[Round "9"]
[White "Gallego Montes, Antonio"]
[Black "Chandrasekhar, MK."]
[Result "1/2-1/2"]
[WhiteElo "1908"]
[BlackElo "1794"]
[PlyCount "46"]
[EventDate "2017.07.13"]
[EventType "swiss"]
[EventRounds "9"]
[EventCountry "ESP"]
[SourceTitle "EXT 2018"]
[Source "ChessBase"]
[SourceDate "2017.10.13"]
[SourceVersion "1"]
[SourceVersionDate "2017.10.13"]
[SourceQuality "1"]

1. e4 d5 2. d4 dxe4 3. Nc3 Nf6 4. f3 exf3 5. Qxf3 c6 6. h3 e6 7. Bg5 Be7 8. 0-0-0 Nbd7 9. Kb1 Nd5 10. Ne4 N7f6 11. Nc5 b5 12. Bd3 Qb6 13. Qf2 a5 14. Nf3 a4 15. a3 b4 16. Ka1 h6 17. Bd2 Bd6 18. Rhf1 Ra5 19. Ne5 Rxc5 20. dxc5 Bxc5 21. Qg3 bxa3 22. Nc4 axb2+ 23. Kb1 Qa7 1/2-1/2

[Event "IND-chT 37th"]
[Site "Bhopal"]
[Date "2017.02.06"]
[Round "7.4"]
[White "Chandrasekhar, MK."]
[Black "Rathnakaran, Kantholi"]
[Result "0-1"]
[WhiteElo "1790"]
[BlackElo "2407"]
[PlyCount "58"]
[EventDate "2017.02.02"]
[EventType "team-swiss"]
[EventRounds "9"]
[EventCountry "IND"]
[SourceTitle "CBM 176 Extra"]
[Source "ChessBase"]
[SourceDate "2017.03.02"]
[SourceVersion "1"]
[SourceVersionDate "2017.03.02"]
[SourceQuality "1"]
[WhiteTeam "Delhi DASCB"]
[BlackTeam "Indian Railways II"]
[WhiteTeamCountry "IND"]
[BlackTeamCountry "IND"]

1. e4 c5 2. Nf3 Nc6 3. d4 cxd4 4. Nxd4 e6 5. Nc3 Qc7 6. Be2 a6 7. Be3 Nf6 8. 0-0 h5 9. f4 d6 10. Kh1 Bd7 11. a4 Be7 12. Qe1 h4 13. Qf2 h3 14. g4 d5 15. exd5 exd5 16. Rg1 Ne4 17. Nxe4 dxe4 18. Nf5 Bxf5 19. gxf5 Bh4 20. Qf1 Bf6 21. Qf2 Nb4 22. Rab1 Nd5 23. c4 Bh4 24. Rg3 Bxg3 25. Qxg3 Nxe3 26. Qxe3 0-0-0 27. b4 Qd6 28. Qa7 Qd4 29. c5 Qf2 0-1